000 01085nam a22003977a 4500
001 0051294
003 KOHA_MİRAKIL
005 20260207003800.0
007 ta
008 150629b2013 tu |||gr||||#||||0|tur |
020 _a9786051336367
040 _aTR-BiSEU
_btur
_cTR-BiSEU
_erda
041 0 _atur
044 _ctu
050 _aQA300
_b.D47 2013
100 1 _aDernek, Ahmet.
245 1 _aAnaliz I/
_cAhmet Dernek ; Ahmet Dernek.
250 _aGeliştirilmiş 3. basım.
264 1 _aAnkara :
_bNobel
_c2013
300 _aVII, 367 sayfa ;
_c24 cm.
336 _ametin
_btxt
_2rdacontent
337 _aaracısız
_bn
_2rdamedia
338 _acilt
_bnc
_2rdacarrier
490 1 _aNobel ;
_vyayın no.
490 1 _a734.
490 1 _a Matematik / istatistik no.
490 1 _a43.
500 _aDizin var.
650 0 _aMatematiksel analiz.
_92372
650 0 _aMathematical analysis.
_92025
830 1 _aNobel ;
_vyayın no.
_91846
830 1 _a734.
_97734
830 1 _a Matematik / istatistik no.
_995286
830 1 _a43.
_913416
942 _2lcc
_cBK
999 _c51118
_d51118